Podium Ballon d'Or depuis 1956 - Statistiques

Statistiques générales
  • Ce quiz a été pris 135 fois
  • Le résultat moyen est 133 sur 209
Statistiques - réponses
Année Pays Club(s) Joueur % Correct
Portugal Juventus Cristiano Ronaldo
98%
Portugal Real Madrid / Juventus Cristiano Ronaldo
98%
2017 Portugal Real Madrid Cristiano Ronaldo
98%
2016 Portugal Real Madrid Cristiano Ronaldo
98%
Portugal Real Madrid Cristiano Ronaldo
98%
2014 Portugal Real Madrid Cristiano Ronaldo
98%
2013 Portugal Real Madrid Cristiano Ronaldo
98%
Portugal Real Madrid Cristiano Ronaldo
98%
Portugal Real Madrid Cristiano Ronaldo
98%
Portugal Manchester United / Real Madrid Cristiano Ronaldo
98%
2008 Portugal Manchester United Cristiano Ronaldo
98%
Portugal Manchester United Cristiano Ronaldo
98%
France Paris Saint-Germain Kylian Mbappé
98%
Espagne FC Barcelone Lamine Yamal
98%
2023 Argentine Paris Saint-Germain / Inter Miami CF Lionel Messi
98%
2021 Argentine FC Barcelone / Paris Saint Germain Lionel Messi
98%
2019 Argentine FC Barcelone Lionel Messi
98%
Argentine FC Barcelone Lionel Messi
98%
Argentine FC Barcelone Lionel Messi
98%
2015 Argentine FC Barcelone Lionel Messi
98%
Argentine FC Barcelone Lionel Messi
98%
Argentine FC Barcelone Lionel Messi
98%
2012 Argentine FC Barcelone Lionel Messi
98%
2011 Argentine FC Barcelone Lionel Messi
98%
2010 Argentine FC Barcelone Lionel Messi
98%
2009 Argentine FC Barcelone Lionel Messi
98%
Argentine FC Barcelone Lionel Messi
98%
Argentine FC Barcelone Lionel Messi
98%
Brésil FC Barcelone / Paris Saint-Germain Neymar
98%
Brésil FC Barcelone Neymar
98%
2025 France Paris Saint-Germain Ousmane Dembélé
98%
2002 Brésil Inter Milan / Real Madrid Ronaldo
98%
Brésil Inter Milan Ronaldo
98%
1997 Brésil FC Barcelone / Inter Milan Ronaldo
98%
Brésil PSV Eindhoven / FC Barcelone Ronaldo
98%
France Atlético de Madrid Antoine Griezmann
97%
France Atlético de Madrid Antoine Griezmann
97%
2022 France Real Madrid Karim Benzema
97%
Belgique Manchester City Kevin De Bruyne
97%
Pologne Bayern Munich Robert Lewandowski
97%
2024 Espagne Manchester City Rodri
97%
Sénégal Liverpool FC / Bayern Munich Sadio Mané
97%
Brésil Real Madrid Vinicius Junior
97%
Portugal Paris Saint-Germain Vitinha
97%
France Juventus Zinédine Zidane
97%
1998 France Juventus Zinédine Zidane
97%
France Juventus Zinédine Zidane
97%
Norvège Manchester City Erling Haaland
96%
France Arsenal FC Thierry Henry
96%
France Arsenal FC Thierry Henry
96%
Espagne FC Barcelone Xavi
96%
Espagne FC Barcelone Xavi
96%
Espagne FC Barcelone Xavi
96%
Espagne FC Barcelone Andrés Iniesta
95%
Espagne FC Barcelone Andrés Iniesta
95%
Angleterre Real Madrid Jude Bellingham
95%
2007 Brésil AC Milan Kaká
95%
2018 Croatie Real Madrid Luka Modrić
95%
2005 Brésil FC Barcelone Ronaldinho
95%
Brésil FC Barcelone Ronaldinho
95%
Pays-bas Liverpool FC Virgil Van Dijk
95%
France Bayern Munich Franck Ribéry
93%
2006 Italie Juventus / Real Madrid Fabio Cannavaro
92%
2004 Ukraine AC Milan Andriy Chevtchenko
91%
Ukraine AC Milan Andriy Chevtchenko
91%
Ukraine Dynamo Kiev / AC Milan Andriy Chevtchenko
91%
2000 Portugal FC Barcelone / Real Madrid Luis Figo
90%
Italie AC Milan Paolo Maldini
90%
Italie AC Milan Paolo Maldini
90%
Angleterre Liverpool FC Steven Gerrard
89%
Italie Chelsea FC Jorginho
88%
Allemagne Bayern Munich Manuel Neuer
88%
2003 République Tchèque Juventus Pavel Nedvěd
88%
Espagne Liverpool FC Fernando Torres
87%
Brésil Real Madrid Roberto Carlos
87%
2001 Angleterre Liverpool FC Michael Owen
86%
Angleterre Chelsea FC Frank Lampard
85%
Italie Juventus Gianluigi Buffon
84%
1995 Libéria Paris Saint-Germain / AC Milan George Weah
82%
1991 France Olympique de Marseille Jean-Pierre Papin
80%
Italie Cagliari Calcio Luigi Riva
80%
Italie Cagliari Calcio Luigi Riva
80%
1999 Brésil FC Barcelone Rivaldo
80%
Allemagne de l'Ouest Bayern Munich Gerd Müller
78%
Allemagne de l'Ouest Bayern Munich Gerd Müller
78%
1970 Allemagne de l'Ouest Bayern Munich Gerd Müller
78%
Allemagne de l'Ouest Bayern Munich Gerd Müller
78%
1985 France Juventus Michel Platini
78%
1984 France Juventus Michel Platini
78%
1983 France Juventus Michel Platini
78%
France AS Saint-Etienne Michel Platini
78%
France AS Nancy-Lorraine Michel Platini
78%
Espagne Real Madrid Raúl
78%
Portugal FC Porto / FC Barcelone Deco
77%
1992 Pays-Bas AC Milan Marco Van Basten
76%
1989 Pays-Bas AC Milan Marco Van Basten
76%
1988 Pays-Bas AC Milan Marco Van Basten
76%
Allemagne Bayern Munich Oliver Kahn
76%
Allemagne Bayern Munich Oliver Kahn
76%
Pays-Bas FC Barcelone Johan Cruyff
74%
1974 Pays-Bas FC Barcelone Johan Cruyff
74%
1973 Pays-Bas Ajax Amsterdam / FC Barcelone Johan Cruyff
74%
1971 Pays-Bas Ajax Amsterdam Johan Cruyff
74%
France Real Madrid / Stade de Reims Raymond Kopa
73%
1958 France Real Madrid Raymond Kopa
73%
* France Real Madrid Raymond Kopa
73%
France Stade de Reims / Real Madrid Raymond Kopa
73%
Angleterre Manchester United David Beckham
70%
Portugal Benfica Lisbonne Eusébio
69%
1965 Portugal Benfica Lisbonne Eusébio
69%
Portugal Benfica Lisbonne Eusébio
69%
Hongrie Real Madrid Ferenc Puskás
69%
1976 Allemagne de l'Ouest Bayern Munich Franz Beckenbauer
69%
Allemagne de l'Ouest Bayern Munich Franz Beckenbauer
69%
1963 URSS Dynamo Moscou Lev Yachine
69%
Pays-Bas AC Milan Ruud Gullit
69%
1987 Pays-Bas PSV Eindhoven / AC Milan Ruud Gullit
69%
France Manchester United Éric Cantona
68%
Italie Juventus Roberto Baggio
67%
1993 Italie Juventus Roberto Baggio
67%
1959 Espagne Real Madrid Alfredo Di Stéfano
66%
1957 Espagne Real Madrid Alfredo Di Stéfano
66%
Espagne Real Madrid Alfredo Di Stéfano
66%
Irlande du Nord Manchester United George Best
65%
1968 Irlande du Nord Manchester United George Best
65%
* Allemagne Inter Milan Lothar Matthäus
65%
1990 Allemagne Inter Milan Lothar Matthäus
65%
1996 Allemagne Borussia Dortmund Matthias Sammer
62%
Angleterre Manchester United Bobby Charlton
60%
Angleterre Manchester United Bobby Charlton
60%
1966 Angleterre Manchester United Bobby Charlton
60%
Croatie Real Madrid Davor Šuker
59%
France Stade de Reims Just Fontaine
59%
Angleterre Blackburn Rovers / Newcastle United Alan Shearer
58%
1981 Allemagne de l'Ouest Bayern Munich Karl-Heinz Rummenigge
55%
1980 Allemagne de l'Ouest Bayern Munich Karl-Heinz Rummenigge
55%
Allemagne de l'Ouest Bayern Munich Karl-Heinz Rummenigge
55%
Finlande Ajax Amsterdam Jari Litmanen
54%
Espagne Inter Milan Luis Suárez
54%
Espagne Inter Milan Luis Suárez
54%
Espagne FC Barcelone / Inter Milan Luis Suárez
54%
1960 Espagne FC Barcelone Luis Suárez
54%
Pays-Bas AC Milan Frank Rijkaard
49%
Pays-Bas Real Saragosse / AC Milan Frank Rijkaard
49%
1994 Bulgarie FC Barcelone Hristo Stoitchkov
49%
Bulgarie FC Barcelone Hristo Stoitchkov
49%
1982 Italie Juventus Paolo Rossi
49%
1956 Angleterre Blackpool FC Stanley Matthews
47%
Allemagne de l'Ouest Bayern Munich Franz Beckenbauer
45%
Allemagne de l'Ouest Bayern Munich Franz Beckenbauer
45%
1972 Allemagne de l'Ouest Bayern Munich Franz Beckenbauer
45%
France Girondins de Bordeaux Alain Giresse
44%
Ecosse Liverpool FC Kenny Dalglish
44%
Pays-Bas Ajax Amsterdam / Inter Milan Dennis Bergkamp
38%
Pays-Bas Ajax Amsterdam Dennis Bergkamp
38%
Italie AC Milan Franco Baresi
37%
France Girondins de Bordeaux Jean Tigana
37%
1979 Angleterre Hambourg SV Kevin Keegan
35%
1978 Angleterre Hambourg SV Kevin Keegan
35%
Angleterre Liverpool FC / Hambourg SV Kevin Keegan
35%
1964 Ecosse Manchester United Denis Law
33%
Allemagne Tottenham Hotspur / Bayern Munich Jürgen Klinsmann
32%
1986 URSS Dynamo Kiev Igor Belanov
30%
Angleterre Everton / FC Barcelone Gary Lineker
29%
Angletterre West Ham United Bobby Moore
27%
Espagne Real Madrid Emilio Butragueño
27%
Espagne Real Madrid Emilio Butragueño
27%
Yougoslavie Real Madrid Predrag Mijatović
27%
1967 Hongrie Ferencváros TC Flórián Albert
25%
1969 Italie AC Milan Gianni Rivera
25%
Italie AC Milan Gianni Rivera
25%
1962 Tchécoslovaquie Dukla Prague Josef Masopust
25%
1975 URSS Dynamo Kiev Oleg Blokhine
25%
Italie Juventus Dino Zoff
24%
Danemark Charlton Athletic / Velje BK Allan Simonsen
23%
1977 Danemark Borussia Mönchengladbach Allan Simonsen
23%
Portugal FC Porto / Atlético de Madrid Paulo Futre
20%
1961 Italie Juventus Omar Sívori
16%
* Yougoslavie Etoile Rouge de Belgrade Dejan Savićević
15%
Allemagne de l'Ouest FC Barcelone Bernd Schuster
14%
Allemagne de l'Ouest FC Barcelone Bernd Schuster
14%
Allemagne de l'Ouest 1. FC Cologne / FC Barcelone Bernd Schuster
14%
Allemagne de l'Ouest Bayern Munich Paul Breitner
14%
Italie Juventus Salvatore Schillaci
12%
Pologne Widzew Łódź / Juventus Zbigniew Boniek
11%
Allemagne Inter Milan Andreas Brehme
9%
Italie Inter Milan Giacinto Facchetti
9%
Danemark Hellas Vérone Preben Elkjær Larsen
9%
Danemark KSC Lokeren / Hellas Vérone Preben Elkjær Larsen
9%
Pays-Bas Ajax Amsterdam Ruud Krol
9%
Angleterre Wolverhampton WFC Billy Wright
8%
Pays de Galles Juventus John Charles
8%
Autriche Rapid Vienne / FC Barcelone Hans Krankl
7%
Pays-Bas RSC Anderlecht Rob Rensenbrink
7%
Pays-Bas RSC Anderlecht Rob Rensenbrink
7%
Italie Inter Milan Sandro Mazzola
7%
* Yougoslavie Etoile Rouge de Belgrade Darko Pančev
5%
Allemagne de l'Ouest Rot-Weiss Essen Helmut Rahn
5%
Tchécoslovaquie Dukla Prague Ivo Viktor
5%
Allemagne de l'Ouest 1. FC Cologne Karl-Heinz Schnellinger
5%
Allemagne de l'Ouest Hambourg SV Uwe Seeler
5%
Yougoslavie Etoile Rouge de Belgrade Dragan Džajić
4%
* Angleterre Manchester United Duncan Edwards
4%
Allemagne de l'Ouest Borussia Mönchengladbach Günter Netzer
4%
Pologne Legia Varsovie Kazimierz Deyna
4%
Espagne Real Madrid Amancio Amaro
3%
Angleterre Tottenham Hotspur Jimmy Greaves
3%
Ecosse Celtic Glasgow Jimmy Johnstone
3%
Angleterre Fulham FC Johnny Haynes
3%
Aucun quiz correspondant
Distribution des résultats
% des personnes avec chaque résultat
Percentile par nombre de réponses
Votre historique - résultats
Vous n’avez pas pris ce quiz